Tutti gli Stati che hanno controllato Firenze - Statistics

Statistiche generali
  • Questo quiz è stato fatto 46 volte
    13 dall'ultimo reset
  • Il punteggio medio è 18 su 26
Statistiche sulle risposte
con Immagini Hint Risposta % Corretto
27 a.C. - 395 Impero Romano
100%
1946 - Oggi Repubblica Italiana
92%
395 - 476 Impero Romano d'Occidente
85%
1861 - 1943 Regno d'Italia
85%
59 a.C. - 27 a.C. Repubblica Romana
85%
1569 - 1801 Granducato di Toscana
77%
539 - 542 Impero Bizantino
77%
552 - 570 Impero Bizantino
77%
800 - 843 Impero Carolingio
77%
1807 - 1815 Primo Impero francese
77%
1943 - 1945 Repubblica Sociale Italiana
77%
961.- 1648 Sacro Romano Impero
77%
1815 - 1859 Granducato di Toscana
69%
775 - 800 Regno dei Franchi
69%
1860 - 1861 Regno di Sardegna
69%
570 - 775 Regno Longobardo
69%
(1250 - 1532) Repubblica di Firenze
69%
1945 - 1946 Regno d'Italia
62%
843 - 855 Regno Lotaringio della Francia Media
62%
476 - 493 Regno di Odoacre
54%
493 - 539 Regno Ostrogoto
54%
542 - 552 Regno Ostrogoto
54%
1801 - 1807 Regno di Etruria
46%
855 - 961 Regno Franco d'Italia
46%
(1532 - 1569) Ducato di Firenze
38%
1859 - 1860 Province unite dell'Italia centrale
23%
Nessun quiz corrispondente trovato
Distribuzione punteggi
Percentuale di utenti per punteggio
Percentile per numero di risposta
I tuoi punteggi nel tempo
Non hai fatto questo quiz dall'ultimo reset